Kam kráčíš PR? Public Relations jako součást marketingové komunikace

Public Relations ako sociálnokomunikačná aktivita, prostredníctvom ktorej organizácia pôsobí na vnútornú a vonkajšiu verejnosť so zámerom vytvárať a udržiavať s ňou pozitívne vzťahy a tak dosiahnuť vzájomné porozumenie a dôveru. Korene PR v druhej polovici 18. storočia - rozvoj vydávania novín a sil...

Full description

Saved in:
Bibliographic Details
Main Author: Řepka, Vladimír
Format: Book Chapter
Language:Czech
Subjects:
Tags: Add Tag
No Tags, Be the first to tag this record!

MARC

LEADER 00000naa a2200000 4500
001 0253005
005 20190410112851.2
041 0 |a cze 
044 |a CZ 
245 1 0 |a Kam kráčíš PR? Public Relations jako součást marketingové komunikace  |c Vladimír Řepka 
520 |a Public Relations ako sociálnokomunikačná aktivita, prostredníctvom ktorej organizácia pôsobí na vnútornú a vonkajšiu verejnosť so zámerom vytvárať a udržiavať s ňou pozitívne vzťahy a tak dosiahnuť vzájomné porozumenie a dôveru. Korene PR v druhej polovici 18. storočia - rozvoj vydávania novín a sila tlače pri ovplyňovaní verejnej mienky. Spojenie slov Public - verejnosť a Relations - vzťahy po prvýkrát použité v americkom kongrese v r. 1807. Zakladateľ PR - Američan Ivy Lee. Public Relations podľa Kotlera. Firmy prostredníctvom PR bojujú o zákazníka, politici o voliča a organizácie o priazeň. 
610 2 0 |a komunikácia marketingová 
610 2 0 |a vzťahy s verejnosťou 
610 2 0 |a firmy 
610 2 0 |a organizácie 
610 2 0 |a politika 
610 2 0 |a reklama 
610 2 0 |a podpora predaja 
610 2 0 |a tlač 
100 1 |a Řepka, Vladimír